¿Es posible reemplazar a los profesionales matriculados por una IA? (Registro nro. 20736)

Detalles MARC
000 -LEADER
fixed length control field 00391 a2200121 4500
001 - CONTROL NUMBER
control field ART_63813
005 - DATE AND TIME OF LATEST TRANSACTION
control field 20260410161803.0
008 - FIXED-LENGTH DATA ELEMENTS--GENERAL INFORMATION
fixed length control field 260409a
100 1# - MAIN ENTRY--PERSONAL NAME
Personal name Coronello, Silvina E.
245 10 - TITLE STATEMENT
Title ¿Es posible reemplazar a los profesionales matriculados por una IA?
700 1# - ADDED ENTRY--PERSONAL NAME
Personal name Iglesias Araujo, Fabiana
773 0# - HOST ITEM ENTRY
Title Doctrina tributaria
Related parts - Nº 550 (ene. 2026)
Record control number REV4296

No hay ítems disponibles.